[Event "Izhevsk Corporation Cup 6th"]
[Site "Izhevsk"]
[Date "2014.07.16"]
[Round "5"]
[White "Husnullin, Ramil"]
[Black "Kotlyar, Kirill"]
[Result "0-1"]
[WhiteElo "2148"]
[BlackElo "2325"]
[PlyCount "58"]
[EventDate "2014.07.12"]
[EventType "swiss"]
[EventRounds "9"]
[EventCountry "RUS"]
[SourceTitle "CBM 161 Extra"]
[Source "ChessBase"]
[SourceDate "2014.08.29"]
[SourceVersion "1"]
[SourceVersionDate "2014.08.29"]
[SourceQuality "1"]

1. e4 c5 2. Nf3 d6 3. c3 Nf6 4. Be2 Nbd7 5. Qc2 Qc7 6. 0-0 g6 7. a4 Bg7 8. Na3 0-0 9. Nb5 Qc6 10. d3 b6 11. h3 Bb7 12. Be3 c4 13. Nfd4 Qc8 14. b4 cxd3 15. Bxd3 Ne5 16. f3 d5 17. Bg5 Nxd3 18. Qxd3 dxe4 19. fxe4 Nxe4 20. Bxe7 Re8 21. Nd6 Qxc3 22. Qxc3 Nxc3 23. Bf6 Bxf6 24. Rxf6 Re7 25. Raf1 Bd5 26. a5 bxa5 27. bxa5 Rd8 28. N6b5 Nxb5 29. Nxb5 Bc4 0-1

[Event "Nabereznye Chelny op 8th"]
[Site "Nabereznye Chelny"]
[Date "2010.01.19"]
[Round "1"]
[White "Alavkin, Arseny Nailievich"]
[Black "Husnullin, Ramil"]
[Result "1-0"]
[WhiteElo "2446"]
[BlackElo "2195"]
[PlyCount "71"]
[EventDate "2010.01.19"]
[EventType "swiss"]
[EventRounds "9"]
[EventCountry "RUS"]
[SourceTitle "CBM 134 Extra"]
[Source "ChessBase"]
[SourceDate "2010.03.03"]
[SourceVersion "1"]
[SourceVersionDate "2010.03.03"]
[SourceQuality "1"]

1. e4 e5 2. Nf3 Nf6 3. d4 Nxe4 4. dxe5 d5 5. Nbd2 Nc5 6. Nb3 Ne6 7. Be2 c5 8. 0-0 Nc6 9. Re1 Be7 10. c3 0-0 11. Qc2 c4 12. Nbd2 Nf4 13. Bf1 Be6 14. b3 cxb3 15. axb3 Rc8 16. Qb1 a5 17. Ra4 Ng6 18. Bd3 Bc5 19. b4 axb4 20. cxb4 Bb6 21. b5 Na5 22. h4 Re8 23. Ng5 Rc7 24. Ndf3 Nc4 25. h5 Nf8 26. Bxh7+ Kh8 27. Bf5 Qd7 28. Bxe6 fxe6 29. Nh4 Rc5 30. Ng6+ Kg8 31. Nxf8 Kxf8 32. Qh7 Rxb5 33. Qh8+ Ke7 34. Qxg7+ Kd8 35. Ra8+ Kc7 36. Rxe8 1-0

[Event "Izhevsk op"]
[Site "Izhevsk"]
[Date "2009.07.23"]
[Round "9"]
[White "Fedoseev, Vladimir"]
[Black "Husnullin, Ramil"]
[Result "0-1"]
[WhiteElo "2179"]
[BlackElo "2207"]
[PlyCount "104"]
[EventDate "2009.07.15"]
[EventType "swiss"]
[EventRounds "9"]
[EventCountry "RUS"]
[SourceTitle "EXT 2010"]
[Source "ChessBase"]
[SourceDate "2010.11.25"]
[SourceVersion "1"]
[SourceVersionDate "2010.11.25"]
[SourceQuality "1"]

1. e4 c5 2. c3 d5 3. exd5 Qxd5 4. d4 Nf6 5. Nf3 e6 6. Na3 Qd8 7. Nc2 Nbd7 8. Bd3 b6 9. 0-0 Bb7 10. Qe2 Qc7 11. Rd1 Bd6 12. dxc5 bxc5 13. Ba6 Bc6 14. Bb5 Bxb5 15. Qxb5 0-0 16. Qe2 Rab8 17. b3 Nd5 18. Bb2 Ne5 19. c4 Nf4 20. Qe3 Nxc4 21. bxc4 Rxb2 22. Rac1 Rxa2 23. g3 Ng6 24. Na3 Qa5 25. Rxd6 Rxa3 26. Qe4 Ra1 27. Rxa1 Qxa1+ 28. Kg2 h6 29. h4 Qa5 30. h5 Ne7 31. Rd7 Nf5 32. g4 Qa4 33. Qb7 Qxc4 34. gxf5 Qg4+ 35. Kf1 Qxf5 36. Ne1 Qxh5 37. Rd3 Qe5 38. Qxa7 c4 39. Re3 Qd5 40. Rg3 Qh1+ 41. Ke2 Qe4+ 42. Re3 Qg4+ 43. Rf3 h5 44. Nc2 h4 45. Ne3 Qh5 46. Qd4 Rc8 47. Ng4 c3 48. Qd7 Rf8 49. Ne3 h3 50. Qd1 e5 51. Kf1 e4 52. Qd6 h2 0-1

[Event "TUR-chT"]
[Site "Kocaeli"]
[Date "2008.06.29"]
[Round "10"]
[White "Husnullin, Ramil"]
[Black "Ozturk, Emir"]
[Result "0-1"]
[WhiteElo "2245"]
[BlackElo "2194"]
[PlyCount "56"]
[EventDate "2008.06.24"]
[EventType "team"]
[EventRounds "15"]
[EventCountry "TUR"]
[SourceTitle "CBM 125 Extra"]
[Source "ChessBase"]
[SourceDate "2008.09.01"]
[SourceVersion "1"]
[SourceVersionDate "2008.09.01"]
[SourceQuality "1"]

1. e4 c6 2. d4 d5 3. exd5 cxd5 4. c4 Nf6 5. Nc3 g6 6. Qb3 Bg7 7. cxd5 0-0 8. Be2 Na6 9. Bf3 Qb6 10. Nge2 Qxb3 11. axb3 Nb4 12. 0-0 Rd8 13. Ra5 a6 14. Bf4 Bg4 15. d6 Bxf3 16. dxe7 Rd5 17. Nxd5 Bxd5 18. Bd6 Nc6 19. Rc5 Bxb3 20. Nf4 Ne4 21. d5 Nd4 22. Re1 Nxd6 23. Rc7 Ba4 24. Nd3 Bb5 25. Nc5 b6 26. Nd7 Ne2+ 27. Kh1 Bd4 28. Rd1 Ne4 0-1

[Event "TUR-chT"]
[Site "Kocaeli"]
[Date "2008.06.27"]
[Round "7"]
[White "Ataman, Alper Efe"]
[Black "Husnullin, Ramil"]
[Result "1-0"]
[WhiteElo "2231"]
[BlackElo "2245"]
[PlyCount "69"]
[EventDate "2008.06.24"]
[EventType "team"]
[EventRounds "15"]
[EventCountry "TUR"]
[SourceTitle "CBM 125 Extra"]
[Source "ChessBase"]
[SourceDate "2008.09.01"]
[SourceVersion "1"]
[SourceVersionDate "2008.09.01"]
[SourceQuality "1"]

1. d4 Nf6 2. c4 g6 3. Nc3 Bg7 4. Nf3 d6 5. g3 0-0 6. Bg2 Nbd7 7. 0-0 e5 8. e4 exd4 9. Nxd4 Nc5 10. h3 Re8 11. Re1 Bd7 12. Nb3 Nxb3 13. axb3 Qc8 14. Kh2 Re5 15. f3 h5 16. Bf4 Re8 17. h4 Nh7 18. Qd2 Nf8 19. Rad1 Ne6 20. Be3 Bc6 21. b4 b6 22. Nd5 a5 23. f4 axb4 24. f5 Bxd5 25. Qxd5 Nc5 26. fxg6 Qe6 27. e5 Rad8 28. gxf7+ Qxf7 29. Bxc5 bxc5 30. e6 Qe7 31. Qxh5 Be5 32. Re4 Qxe6 33. Rg4+ Kf8 34. Rf1+ Bf6 35. Rg6 1-0

[Event "TUR-chT"]
[Site "Kocaeli"]
[Date "2008.06.26"]
[Round "5"]
[White "Erdogdu, Mert"]
[Black "Husnullin, Ramil"]
[Result "0-1"]
[WhiteElo "2434"]
[BlackElo "2245"]
[PlyCount "130"]
[EventDate "2008.06.24"]
[EventType "team"]
[EventRounds "15"]
[EventCountry "TUR"]
[SourceTitle "CBM 125 Extra"]
[Source "ChessBase"]
[SourceDate "2008.09.01"]
[SourceVersion "1"]
[SourceVersionDate "2008.09.01"]
[SourceQuality "1"]

1. e4 c5 2. Nf3 d6 3. d4 cxd4 4. Nxd4 Nf6 5. Nc3 Nc6 6. Bg5 e6 7. Qd2 a6 8. 0-0-0 h6 9. Be3 Be7 10. f3 Nxd4 11. Bxd4 b5 12. Kb1 Rb8 13. Ba7 Rb7 14. Be3 b4 15. Ne2 Bd7 16. g4 a5 17. h4 a4 18. Nd4 Qa8 19. Bd3 b3 20. g5 bxa2+ 21. Kxa2 Nh5 22. g6 0-0 23. gxf7+ Rxf7 24. Rhg1 Bf6 25. Ka1 Be5 26. Bc4 Nf4 27. Rg4 Qf8 28. c3 Kh8 29. h5 Rf6 30. Rh1 Bxd4 31. cxd4 e5 32. Rg3 Be6 33. d5 Bd7 34. Qa5 Qb8 35. Rh2 Be8 36. Rc2 Bb5 37. Bxb5 Rxb5 38. Qxa4 Nxh5 39. Rh3 Nf4 40. Rh1 Kh7 41. Rhc1 Rb3 42. Rc8 Rb5 43. R1c2 h5 44. Rh2 Rh6 45. Rc7 Rb3 46. Rc3 Rb7 47. Ka2 g5 48. Ka3 g4 49. Bf2 Ne2 50. Re3 g3 51. Rh1 Nd4 52. Bg1 Nc2+ 53. Ka2 Nxe3 54. Bxe3 g2 55. Rh2 Rg7 56. Bg1 h4 57. b4 h3 58. b5 Rf7 59. b6 Rxf3 60. b7 Rf8 61. Ba7 Kg6 62. Kb3 Kg5 63. Be3+ Kg4 64. Bxh6 Kg3 65. Kc2 Rf7 0-1

[Event "Izmir op 5th"]
[Site "Izmir"]
[Date "2006.08.19"]
[Round "10"]
[White "Hamad, Ahmad"]
[Black "Husnullin, Ramil"]
[Result "0-1"]
[WhiteElo "2277"]
[BlackElo "2223"]
[PlyCount "80"]
[EventDate "2006.09.10"]
[EventType "swiss"]
[EventRounds "10"]
[EventCountry "TUR"]
[SourceTitle "EXT 2007"]
[Source "ChessBase"]
[SourceDate "2006.11.23"]
[SourceVersion "1"]
[SourceVersionDate "2006.11.23"]
[SourceQuality "1"]

1. d4 e6 2. Nf3 f5 3. Bg5 Be7 4. h4 b6 5. d5 Bb7 6. dxe6 dxe6 7. Qxd8+ Bxd8 8. Bxd8 Kxd8 9. e4 fxe4 10. Ng5 Ke7 11. Nc3 Nf6 12. 0-0-0 h6 13. Nh3 Nbd7 14. Re1 g5 15. f3 Raf8 16. hxg5 hxg5 17. fxe4 g4 18. Nf2 Rxh1 19. Nxh1 Nxe4 20. Nd1 Ne5 21. Be2 Rh8 22. Ne3 Rh4 23. g3 Rh2 24. Nd1 Nf3 25. Bxf3 gxf3 26. Rf1 Ba6 27. Nhf2 Bxf1 28. Nxe4 Bc4 29. b3 Bd5 30. Nef2 b5 31. Kd2 b4 32. Ke3 e5 33. Nb2 Rg2 34. Nbd3 a5 35. Nxe5 Rxg3 36. Kd4 Rg2 37. Ned3 Kd6 38. c4 c5+ 39. Ke3 Bc6 40. Ne1 Rg8 0-1

[Event "Izmir GP op"]
[Site "Izmir"]
[Date "2002.09.06"]
[Round "9"]
[White "Husnullin, Ramil"]
[Black "Bratanov, Zsivko"]
[Result "1-0"]
[WhiteElo "2202"]
[BlackElo "2438"]
[PlyCount "105"]
[EventDate "2002.08.28"]
[EventType "swiss"]
[EventRounds "9"]
[EventCountry "TUR"]
[SourceTitle "CBM 090 Extra"]
[Source "ChessBase"]
[SourceDate "2002.11.07"]
[SourceVersion "1"]
[SourceVersionDate "2002.11.07"]
[SourceQuality "1"]

1. e4 c5 2. Nf3 e6 3. d4 cxd4 4. Nxd4 a6 5. Bd3 Qb6 6. Nb3 Qc7 7. 0-0 Nf6 8. Qe2 d6 9. f4 Nbd7 10. N1d2 Be7 11. Nf3 e5 12. Kh1 0-0 13. fxe5 Nxe5 14. Nbd4 Nxd3 15. cxd3 Re8 16. Bg5 Bd7 17. Nh4 Nd5 18. Qf2 Rf8 19. Bd2 Nb6 20. Rac1 Qd8 21. Nhf5 Na4 22. Qg3 g6 23. Bh6 Bxf5 24. Bxf8 Bxf8 25. exf5 Bg7 26. fxg6 hxg6 27. Qf2 Qd7 28. b4 Rf8 29. Rc2 Qg4 30. Nb3 Nc3 31. Qb6 Nd5 32. Qf2 Qxb4 33. Rc4 Qb5 34. Rfc1 Ne7 35. Rc7 Nc6 36. Rf1 Qd5 37. Rxb7 Ne5 38. Ra7 Qxd3 39. Nc1 Qc4 40. h3 Rc8 41. Nb3 Rf8 42. Nc1 d5 43. Qe2 Qc3 44. Rxa6 d4 45. Rd1 Nd7 46. Nd3 Qc4 47. Rd6 Qc7 48. Rd5 Nf6 49. Rb5 Re8 50. Qb2 Ne4 51. Rb7 Ng3+ 52. Kg1 Ne2+ 53. Qxe2 1-0

[Event "Izmir GP op"]
[Site "Izmir"]
[Date "2002.08.29"]
[Round "2"]
[White "Gelashvili, Tamaz"]
[Black "Husnullin, Ramil"]
[Result "1-0"]
[WhiteElo "2551"]
[BlackElo "2202"]
[PlyCount "76"]
[EventDate "2002.08.28"]
[EventType "swiss"]
[EventRounds "9"]
[EventCountry "TUR"]
[SourceTitle "CBM 090 Extra"]
[Source "ChessBase"]
[SourceDate "2002.11.07"]
[SourceVersion "1"]
[SourceVersionDate "2002.11.07"]
[SourceQuality "1"]

1. e4 c5 2. b3 d6 3. Bb2 Nf6 4. Bb5+ Nbd7 5. d3 e6 6. Nd2 Be7 7. f4 a6 8. Bxd7+ Bxd7 9. Ngf3 0-0 10. 0-0 b5 11. Qe1 Bc6 12. Qg3 d5 13. Rae1 a5 14. Ne5 Bb7 15. a4 bxa4 16. bxa4 dxe4 17. Nxe4 Nxe4 18. dxe4 Bf6 19. f5 Qd2 20. Nf3 Qh6 21. e5 Bd8 22. Bc1 Qh5 23. f6 Qg6 24. fxg7 Kxg7 25. Ng5 Bd5 26. c4 Bxc4 27. Rf4 Bd5 28. Rg4 Kh8 29. Ne4 Qh5 30. Nf6 Bxf6 31. exf6 Rg8 32. Rg7 c4 33. h3 Rad8 34. Kh2 Qg6 35. Rxg6 Rxg6 36. Bg5 Rdg8 37. h4 h6 38. Qg4 Kh7 1-0

[Event "Saraybahce GP"]
[Site "Kocaeli"]
[Date "2002.08.23"]
[Round "7"]
[White "Husnullin, Ramil"]
[Black "Alper, Metin"]
[Result "0-1"]
[WhiteElo "2202"]
[BlackElo "2062"]
[PlyCount "136"]
[EventDate "2002.08.17"]
[EventType "swiss"]
[EventRounds "9"]
[EventCountry "TUR"]
[SourceTitle "CBM 089 Extra"]
[Source "ChessBase"]
[SourceDate "2002.09.10"]
[SourceVersion "2"]
[SourceVersionDate "2002.09.10"]
[SourceQuality "1"]

1. e4 e5 2. Nf3 Nc6 3. Nc3 Nf6 4. d4 exd4 5. Nxd4 Bb4 6. Nxc6 bxc6 7. Bd3 d5 8. exd5 cxd5 9. 0-0 0-0 10. Bg5 c6 11. Na4 Be7 12. Re1 h6 13. Bh4 Be6 14. c3 Nd7 15. Bg3 Nc5 16. Nxc5 Bxc5 17. Bc2 Qf6 18. Qd3 g6 19. Qd2 Kh7 20. Bf4 Rfe8 21. Bxh6 Qxf2+ 22. Qxf2 Bxf2+ 23. Kxf2 Kxh6 24. b4 a5 25. a3 Kg5 26. Ba4 Rec8 27. Ke3 axb4 28. axb4 c5 29. b5 d4+ 30. Kd3 Bf5+ 31. Kd2 c4 32. Rec1 d3 33. Bd1 Be4 34. g3 Kf5 35. Rcb1 Rxa1 36. Rxa1 Rb8 37. Rb1 Rb6 38. Rb4 Bd5 39. Ke3 Ke5 40. h4 Re6 41. b6 Kd6+ 42. Kd2 Re7 43. g4 f5 44. gxf5 gxf5 45. h5 Kc5 46. h6 Bb7 47. Bh5 Rh7 48. Be8 Rxh6 49. Rb5+ Kd6 50. Rxf5 Rh2+ 51. Kd1 Rb2 52. Bb5 Ke6 53. Rc5 Bf3+ 54. Kc1 d2+ 55. Kxb2 d1Q 56. Bxc4+ Kd6 57. Rb5 Qd2+ 58. Ka3 Qxc3+ 59. Bb3 Qc6 60. Ba4 Qc1+ 61. Ka2 Qc4+ 62. Ka3 Bb7 63. Rb4 Qc3+ 64. Bb3 Qa1+ 65. Ba2 Kc5 66. Rb1 Qc3+ 67. Rb3 Qc1+ 68. Rb2 Kd4 0-1

[Event "Saraybahce GP"]
[Site "Kocaeli"]
[Date "2002.08.21"]
[Round "5"]
[White "Husnullin, Ramil"]
[Black "Shengelia, Davit"]
[Result "0-1"]
[WhiteElo "2202"]
[BlackElo "2421"]
[PlyCount "104"]
[EventDate "2002.08.17"]
[EventType "swiss"]
[EventRounds "9"]
[EventCountry "TUR"]
[SourceTitle "CBM 089 Extra"]
[Source "ChessBase"]
[SourceDate "2002.09.10"]
[SourceVersion "2"]
[SourceVersionDate "2002.09.10"]
[SourceQuality "1"]

1. e4 c5 2. Nf3 d6 3. Bb5+ Nc6 4. 0-0 Bd7 5. c3 a6 6. Bxc6 Bxc6 7. Re1 Nf6 8. d4 Bxe4 9. Bg5 Bg6 10. d5 Qd7 11. Nbd2 0-0-0 12. Nc4 Kb8 13. b4 Qb5 14. Na3 Qd3 15. Qa4 Ne4 16. c4 Qc3 17. b5 Qb4 18. Qb3 Nxg5 19. Nxg5 h6 20. Nf3 Qxb3 21. axb3 Bf5 22. Ra2 e5 23. dxe6 Bxe6 24. bxa6 bxa6 25. Nb1 Kb7 26. Nc3 g5 27. Nd5 Bg7 28. Rae2 a5 29. h3 Rhe8 30. g4 Kc6 31. Kg2 Rd7 32. Rd1 Rb8 33. Rd3 Rdb7 34. Ree3 Ra8 35. Nd2 a4 36. bxa4 Bd4 37. Rf3 Rxa4 38. Ne3 Bxe3 39. fxe3 Rb2 40. Kg1 Raa2 41. Rf2 Rc2 42. Ne4 Rxf2 43. Nxf2 Bxc4 44. Rc3 Bd5 45. e4 Be6 46. Rf3 c4 47. Kf1 Kc5 48. Ke1 Kd4 49. Rf6 c3 50. Rxh6 Ra1+ 51. Ke2 Ra2+ 52. Ke1 Rxf2 0-1

[Event "Saraybahce GP"]
[Site "Kocaeli"]
[Date "2002.08.19"]
[Round "3"]
[White "Husnullin, Ramil"]
[Black "Arduman, Can"]
[Result "1/2-1/2"]
[WhiteElo "2202"]
[BlackElo "2358"]
[PlyCount "131"]
[EventDate "2002.08.17"]
[EventType "swiss"]
[EventRounds "9"]
[EventCountry "TUR"]
[SourceTitle "CBM 089 Extra"]
[Source "ChessBase"]
[SourceDate "2002.09.10"]
[SourceVersion "2"]
[SourceVersionDate "2002.09.10"]
[SourceQuality "1"]

1. e4 c5 2. Nf3 Nc6 3. Bb5 d6 4. 0-0 Bd7 5. Re1 Nf6 6. c3 a6 7. Bf1 Bg4 8. h3 Bxf3 9. Qxf3 g6 10. a4 Bh6 11. Na3 0-0 12. Rd1 Rc8 13. d3 Bxc1 14. Raxc1 Nd7 15. Nc4 Nb6 16. Nxb6 Qxb6 17. Qe2 Rcd8 18. g3 d5 19. exd5 Rxd5 20. Bg2 Rd7 21. h4 Qc7 22. Qe4 Rfd8 23. Rc2 Qe5 24. Re2 Qxe4 25. Bxe4 Na5 26. Rde1 e6 27. Kg2 b6 28. b4 cxb4 29. cxb4 Nb3 30. Rc2 Nd4 31. Rc4 Rd6 32. Rec1 Kg7 33. Rc7 R8d7 34. Bb7 a5 35. bxa5 bxa5 36. Bc8 Rxc7 37. Rxc7 Nb3 38. Bd7 Kf8 39. Bb5 Nd4 40. Bc4 Rb6 41. h5 gxh5 42. Rc5 Nc6 43. Rxh5 Ke7 44. Kf3 Rb4 45. Ke3 Kd6 46. Rxh7 Ne5 47. Bb5 Ng4+ 48. Kf3 f5 49. Rd7+ Ke5 50. Bc4 Rb2 51. d4+ Kf6 52. Be2 Rb4 53. Bb5 Rb3+ 54. Ke2 Rb2+ 55. Kd3 Nxf2+ 56. Kc4 Ne4 57. Ra7 Rb4+ 58. Kd3 Rb3+ 59. Kc2 Rxg3 60. Rxa5 f4 61. Ra8 Ke7 62. a5 Nc3 63. Bc4 Ne4 64. Bb5 Nc3 65. Bc4 Ne4 66. Bb5 1/2-1/2

[Event "Izmir-ch"]
[Site "Izmir"]
[Date "2002.03.14"]
[Round "9.4"]
[White "Husnullin, Ramil"]
[Black "Sen, Mehmet Emin"]
[Result "1-0"]
[WhiteElo "2227"]
[BlackElo "1806"]
[PlyCount "86"]
[EventDate "2002.03.??"]
[EventType "swiss"]
[EventRounds "9"]
[EventCountry "TUR"]
[SourceTitle "EXT 2004"]
[Source "ChessBase"]
[SourceDate "2003.11.25"]
[SourceVersion "1"]
[SourceVersionDate "2003.11.25"]
[SourceQuality "1"]

1. e4 c5 2. Nf3 e6 3. d4 cxd4 4. Nxd4 a6 5. Bd3 Nc6 6. Nxc6 bxc6 7. c4 Nf6 8. 0-0 d5 9. exd5 cxd5 10. Nc3 Be7 11. cxd5 Nxd5 12. Be4 Bb7 13. Qa4+ Kf8 14. Rd1 Bc5 15. Nxd5 exd5 16. Bf3 Qb6 17. Qh4 Rd8 18. b4 Be7 19. Bg5 Bxg5 20. Qxg5 h6 21. Qe5 Qd6 22. Qd4 h5 23. h4 Rh6 24. g3 Qe7 25. a3 Rc6 26. Rac1 Rxc1 27. Rxc1 a5 28. Bxh5 axb4 29. axb4 Ba6 30. Bf3 Bc4 31. Rb1 Rb8 32. Bxd5 Bxd5 33. Qxd5 g6 34. b5 Rd8 35. Qf3 Qc5 36. b6 Qc2 37. Qa3+ Kg8 38. Qb4 Rd1+ 39. Rxd1 Qxd1+ 40. Kh2 Qf3 41. Qd4 g5 42. hxg5 Qh5+ 43. Kg2 Qxg5 1-0

[Event "Izmir-ch"]
[Site "Izmir"]
[Date "2002.03.09"]
[Round "4.2"]
[White "Husnullin, Ramil"]
[Black "Sayman, Umut"]
[Result "1/2-1/2"]
[WhiteElo "2500"]
[BlackElo "2500"]
[PlyCount "48"]
[EventDate "2002.03.??"]
[EventType "swiss"]
[EventRounds "9"]
[EventCountry "TUR"]
[SourceTitle "EXT 2004"]
[Source "ChessBase"]
[SourceDate "2003.11.25"]
[SourceVersion "1"]
[SourceVersionDate "2003.11.25"]
[SourceQuality "1"]

1. e4 e5 2. Nf3 Nf6 3. Nxe5 d6 4. Nf3 Nxe4 5. Qe2 Qe7 6. d3 Nf6 7. Bg5 Qxe2+ 8. Bxe2 Be7 9. Nc3 c6 10. 0-0-0 Na6 11. Rhe1 Nc7 12. Nd4 0-0 13. Bf1 Bd8 14. h3 Ne6 15. Nxe6 Bxe6 16. Bf4 d5 17. Be5 Nd7 18. Bd6 Re8 19. f4 Bh4 20. Re2 Nf8 21. g4 Bd7 22. Bg2 Rxe2 23. Nxe2 Re8 24. Kd2 Bf2 1/2-1/2